000 01221 a2200229 4500
001 28371
005 20260407155555.0
008 260407a1985 arg spa d
003 AR-UNSa-BCEJYS
040 _aAR-UNSa-BCEJYS
_bspa
_cAR-UNSa-BCEJYS
080 _a657
_xContabilidad
245 1 0 _aContabilidad
020 _a968-451-601-0
264 1 _aMéxico :
_bMcGraw-Hill
_c1985
300 _a590 p.
_c25 cm.
505 _a1. Introducción al sistema contable - 2. El ciclo contable - 3. El proceso de registro y clasificación - 4. Asientos ajuste - 5. Ciclo contable y estados financieros - 6. Contabilidad para una empresa comercial - 7. Diarios mayores especiales - 8. Efectivo e inversiones en valores negociables - 9. Cuentas y docuementos por cobrar y por pagar - 10. Inventarios - 11. Inversiones a largo plazo - 12. Inmuebles, planta y equipos - 13. Intangibles - 14. Pasivo a largo plazo - 15. Contabilidad de sociedades - 16. Capital contable - 17. Efectos de la inflación sobre la información financiera - 18. Estado de flujo de efectivo.
942 _cBK
590 _aniveau_biblio:m niveau_hierar:0
100 1 _aGuajardo Cantú, Gerardo
700 1 _aWoltz, Phebe M.
700 1 _aArlen, Richard T.
999 _c1704
_d1704